000 00776nam a2200265Ia 4500
003 OSt
005 20220918164606.0
006 a|||||r|||| 00| 0
007 ta
008 220917b |||||||| |||| 00| 0 eng d
020 _a0700704701
024 _a2,272
037 _cTextual
040 _aARTS
_cARTS
_beng
041 _2eng
_aeng
082 _aY31(J).44Q7.N01<-M65, N7
100 _aCheesman David
_919643
245 0 _aLandlord power and rural indebtedness in colonial Sind
_b 1865-1901
260 _aSurrey
_bCurzon Press Gt. Brit.
_c1997
300 _a265 p.
_ccm.
490 _aLondon studies on South Asia; V.11
650 _aSOCIOLOGY
942 _hY31(J).44Q7.N01<-M65, N7
_cTEXL
_2CC
999 _c125504
_d125504